|
|
|
|
| LEADER |
00751nam a2200193 a 4500 |
| 001 |
000597543 |
| 003 |
CZ BrMZK |
| 005 |
20051020134301.0 |
| 008 |
020430s1953 xr f cze d |
| 015 |
|
|
|a cnb002660290
|
| 040 |
|
|
|a BOA001
|b cze
|c BOA001
|
| 245 |
0 |
0 |
|a Metodické pokyny a směrnice k vypracování návrhu plánu rozvoje zemědělské výroby na rok 1954
|
| 260 |
|
|
|a Praha :
|b Státní zemědělské nakladatelství,
|c 1953
|
| 300 |
|
|
|a 35 s.
|
| 710 |
1 |
|
|a Československo.
|b Ministerstvo zemědělství (1918-1956)
|7 ko2005276193
|
| 910 |
|
|
|a BOA001
|b PK-0005.130
|
| 964 |
|
|
|a Zemědělství - plán hospodářský - 1954 - směrnice
|
| 990 |
|
|
|a BK
|
| 996 |
6 |
|
|b BC-24494
|c PK-0005.130
|l MZK
|r Sklad / do 1 hodiny
|n 0
|w 000597543
|u 000010
|a 1
|e BOA001
|j MZK50
|s P
|